000 00744nam a2200217Ii 4500
003 JO-AjNU
008 230605s9999||||xx |||||||||||||| ||und||
017 _a2005/5/1153
040 _aJO-AjNU
_bara
_erda
_cJO-AjNU
041 _aara
050 1 4 _aBP185.S75 2006
100 3 _aبن عبد الكافي، تاج الدين أبي نصر,
_eauthor
_913954
245 0 0 _aمختصر معيد النعم ومبيد النقم
250 _aط1
264 3 1 _aعمان: دار الحامد للنشر والتوزيع، 2006
300 _a80ص
336 _atext
_btxt
_2rdacontent
337 _aunmediated
_bn
_2rdamedia
338 _avolume
_bnc
_2rdacarrier
650 4 _aالاخلاق الاسلامية- الاداب الاسلامية
_913955
999 _aA3606
_c7174
_d7174